Guess The Manchester United Footballer - Statistics

General Stats
  • This quiz has been taken 95 times
  • The average score is 17 of 20
Answer Stats
Picture Answer % Correct
Cristiano Ronaldo
100%
Bruno Fernandes
99%
David de Gea
98%
Marcus Rashford
97%
Casemiro
92%
Luke Shaw
91%
Harry Maguire
90%
Raphael Varane
90%
Antony
89%
Jadon Sancho
89%
Christian Eriksen
86%
Anthony Martial
83%
Lisandro Martinez
83%
Fred
82%
Scott McTominay
78%
Donny van de Beek
77%
Diogo Dalot
76%
Victor Lindelof
76%
Anthony Elanga
73%
Tyrell Malacia
73%
No matching quizzes found
Score Distribution
Percent of People with Each Score
Percentile by Number Answered
Your Score History
You have not taken this quiz